000 00260nam a2200085Ia 4500
008 220120s9999||||xx |||||||||||||| ||und||
100 _aSmitha A.S and Usha, V.V
_912194
245 0 _aAutonomous metro train
260 _aCoorg Institute of Technology
_bPonnampet
_c2009
999 _c137780
_d137780